LEADER 01029nam a2200229 i 4500 001 000000160217 003 CaOOAMICUS 005 20070315000000.0 008 070315s1996 it u000 u ita u 013 $a137580 040 $aSeMil$bita 100 1 $aMartini, Carlo Maria,$c.$0(OLS)http://semarc/name/89159 245 10$aFrancesco d'Assisi icona luminosa del Vangelo /$cC.M. Martini, Roberto Formigoni. 260 $aMilano :$bEdizioni Biblioteca Francescana,$ccopyr. 1996. 300 $a32 p. ;$c19 cm. 600 04$aFrancesco : d'Assisi .$0(OLS)http://semarc/subject/1416 700 1 $aFormigoni, Roberto.$0(OLS)http://semarc/name/42168 850 $aSeMil 852 $aSeMil$W1$xVenegono$y1$m5B III 34/5$j111693$B111693$CSeMilBibl$Z2$F121945 $81 961 $aRecupero: Altro 996 $6245$aFrancesco d'Assisi icona luminosa del Vangelo$9(OLS)http://semarc/title/142699 996 $6260$aMilano :$bEdizioni Biblioteca Francescana$9(OLS)http://semarc/publisher/29947 LEADER 01166nam a2200277 i 4500 001 000000245570 003 CaOOAMICUS 005 20151009000000.0 008 151009s1961 it u000 u ita u 013 $a224475 040 $aSeMil$bita 100 1 $aMazzucchelli, Mario.$0(OLS)http://semarc/name/42767 245 13$aLa Monaca di Monza :$bsuor Virginia Maria de Leyva /$cMario Mazzucchelli. 250 $a6. edizione. 260 $aMilano :$bDall'Oglio,$cstampa 1961. 300 $a394 p., [12] c. di tav. :$bill. ;$c22 cm. 490 0 $aDonne celebri 500 $aContiene : Bibliografia e opere consultate. - Fondo card. Giovanni Colombo. 650 04$aLeyva, Virginia Maria : de .$0(OLS)http://semarc/subject/12920 830 0$aDonne celebri.$0(OLS)http://semarc/title/24813 850 $aSeMil 852 $aSeMil$W1$xVenegono$y1$m3GC VI 373$j195916$B195916$CSeMilBibl$Z2$F206625 $8B 941 1 $a3 961 $aLascito: Colombo Card. Giovanni 996 $6245$aLa Monaca di Monza :$bsuor Virginia Maria de Leyva$9(OLS)http://semarc/title/239348 996 $6260$aMilano :$bDall'Oglio$9(OLS)http://semarc/publisher/30217